La Liga players of the 20s - Statistics

General Stats
  • This quiz has been taken 62 times
  • The average score is 387 of 1348
Answer Stats
Ranking Player Positions Nationality Matches Goals (assists) Periods Clubs % Correct
2 Iñaki Williams RW 181 42 (27) 2020-2025
91%
4 Jan Oblak GK 178 0 (0) 2020-2025
91%
79 Nico Williams LW 132 16 (22) 2020-2025
91%
7 Antoine Griezmann CF 174 55 (43) 2020-2025
88%
12 Iago Aspas ST 172 62 (39) 2020-2025
88%
22 Jules Koundé RB 162 8 (10) 2020-2025
88%
1242 Papa Ba RW 1 0 (0) 2024-2025
88%
582 Lionel Messi RW 35 30 (11) 2020-2021
84%
68 Pedri CM 136 20 (12) 2020-2025
84%
53 Thibaut Courtois GK 139 0 (0) 2020-2025
84%
25 Unai Simón GK 159 0 (0) 2020-2025
84%
146 Eric García CB 111 8 (3) 2021-2025
81%
155 Gavi CM 108 6 (12) 2021-2025
81%
733 Julián Araujo RB 25 1 (0) 2023-2024
81%
9 Kike García ST 173 35 (6) 2020-2025
81%
52 Marc-André ter Stegen GK 140 0 (0) 2020-2025
81%
339 Néstor Araújo CB 67 0 (0) 2020-2022
81%
34 Rodrygo RW 153 30 (30) 2020-2025
81%
136 Ronald Araujo CB 113 8 (6) 2020-2025
81%
23 Takefusa Kubo RW 160 23 (13) 2020-2025
81%
324 Unai García CB 68 1 (1) 2020-2025
81%
54 Álvaro García LW 139 22 (16) 2021-2025
78%
10 Ángel Correa RW 172 43 (18) 2020-2025
78%
87 David García CB 129 7 (1) 2020-2024
78%
224 David López CB 92 7 (2) 2021-2025
78%
1224 David López CB 2 0 (0) 2024-2025
78%
125 Denis Suárez AM 116 5 (15) 2020-2025
78%
258 Diego López RW 84 14 (12) 2022-2025
78%
544 Diego López GK 38 0 (0) 2021-2023
78%
963 Emre Mor RW 11 0 (0) 2020-2021
78%
21 Federico Valverde CM 162 18 (17) 2020-2025
78%
391 Fermín López AM 59 14 (5) 2023-2025
78%
88 Fran García LB 128 4 (10) 2021-2025
78%
39 Frenkie de Jong CM 148 12 (13) 2020-2025
78%
1105 Gonzalo García ST 5 0 (1) 2023-2025
78%
196 Luis Suárez ST 100 23 (10) 2020-2024
78%
337 Luis Suárez ST 67 32 (6) 2020-2022
78%
20 Luka Modrić CM 163 15 (26) 2020-2025
78%
423 Luuk de Jong ST 55 10 (0) 2020-2022
78%
43 Mikel Oyarzabal ST 146 42 (18) 2020-2025
78%
1250 Pau López GK 1 0 (0) 2024-2025
78%
100 Raúl García AM 124 14 (7) 2020-2024
78%
329 Raúl García ST 68 10 (2) 2021-2022, 2023-2025
78%
893 Rober Correa RB 15 0 (2) 2020-2021
78%
16 Rubén García RW 169 14 (19) 2020-2025
78%
33 Unai López CM 153 8 (5) 2020-2025
78%
168 Willian José ST 106 24 (11) 2020-2024
78%
825 Aarón Martín LB 19 0 (3) 2020-2021
75%
863 Adrián López ST 17 1 (1) 2020-2021
75%
276 Aleix García CM 78 4 (13) 2020-2021, 2022-2024
75%
1183 Álex Martín CB 2 0 (0) 2020-2021
75%
368 Álex Suárez CB 62 2 (0) 2023-2025
75%
948 Álvaro Giménez ST 12 2 (1) 2020-2021, 2022-2023
75%
1035 Ander Martín RW 8 0 (0) 2021-2023
75%
888 Andrés Martín RW 16 0 (0) 2021-2023
75%
558 Andriy Lunin GK 37 0 (1) 2021-2025
75%
214 Antonio Rüdiger CB 95 2 (2) 2022-2025
75%
631 Borja García AM 32 2 (0) 2020-2021, 2022-2023
75%
736 Boulaye Dia ST 25 5 (5) 2021-2022
75%
1281 Carlo García CM 1 0 (0) 2021-2022
75%
1282 Carlos García CB 1 0 (1) 2022-2023
75%
642 Carlos Martín RW, LW 31 2 (2) 2021-2022, 2024-2025
75%
150 Damián Suárez RB 110 2 (6) 2020-2024
75%
191 Daniel Carvajal RB 100 6 (12) 2020-2025
75%
185 Dani García CM 101 1 (3) 2020-2024
75%
689 Diego García ST 28 3 (0) 2024-2025
75%
1172 Diego Martín LW 2 0 (0) 2024-2025
75%
852 Fer López RW 17 2 (0) 2024-2025
75%
688 Gerard Martín LB 28 1 (3) 2024-2025
75%
201 Iván Martín AM 98 9 (9) 2021-2025
75%
1131 Jastin Garcia LW 3 0 (0) 2023-2024
75%
271 Javi López LB 79 1 (3) 2020-2021, 2023-2025
75%
522 Joan García GK 41 0 (0) 2021-2022, 2024-2025
75%
901 Jon Martín CB 14 0 (1) 2023-2025
75%
926 Jordi Martín LB 13 0 (0) 2023-2024
75%
50 Joselu ST 142 51 (12) 2020-2024
75%
106 José María Giménez CB 122 3 (3) 2020-2025
75%
17 Koke CM 168 3 (12) 2020-2025
75%
738 Manu García CM 25 0 (0) 2020-2021
75%
745 Manu García AM 24 0 (1) 2021-2022
75%
633 Mario Martín DM 32 0 (1) 2023-2025
75%
884 Mario Suárez DM 16 0 (0) 2021-2023
75%
154 Nacho Fernández CB 108 5 (2) 2020-2024
75%
1163 Pablo García RW 3 0 (0) 2024-2025
75%
778 Pedro López RB 22 0 (1) 2020-2021
75%
652 Roberto López AM 30 3 (1) 2020-2021, 2024-2025
75%
72 Rodrigo De Paul CM 134 11 (19) 2021-2025
75%
143 Roger Martí ST 111 22 (12) 2020-2024
75%
1319 Santi García AM 1 0 (0) 2023-2024
75%
1247 Saúl García LB 1 0 (0) 2021-2022
75%
1196 Sergi García CM 2 0 (0) 2020-2021
75%
937 Toño García LB 12 0 (2) 2020-2021
75%
27 Vinicius Junior LW 159 56 (39) 2020-2025
75%
240 Alejandro Balde LB 88 1 (11) 2021-2025
72%
294 David Alaba CB 74 3 (7) 2021-2025
72%
178 Éder Militão CB 103 8 (5) 2020-2025
72%
138 Eduardo Camavinga CM 113 3 (6) 2021-2025
72%
118 Iñigo Martínez CB 118 5 (5) 2020-2025
72%
238 Jordi Alba LB 89 7 (20) 2020-2023
72%
232 Karim Benzema ST 90 69 (24) 2020-2023
72%
597 Kylian Mbappé ST 34 31 (3) 2024-2025
72%
71 Óscar Rodríguez AM 135 5 (7) 2020-2025
72%
177 Robert Lewandowski ST 103 69 (17) 2022-2025
72%
102 Rui Silva GK 123 0 (0) 2020-2025
72%
115 Toni Kroos CM 119 7 (25) 2020-2024
72%
135 Yeray Álvarez CB 113 3 (1) 2020-2025
72%
267 Alberto Moreno LB 80 5 (5) 2020-2024
69%
670 Álvaro Rodríguez ST 29 3 (1) 2022-2025
69%
823 André Silva ST 19 3 (0) 2023-2024
69%
270 Ángel Rodríguez ST 79 10 (4) 2020-2023
69%
249 Arnau Martínez RB 86 5 (8) 2022-2025
69%
227 Aurélien Tchouaméni DM 92 3 (5) 2022-2025
69%
365 Brahim Díaz RW 62 12 (9) 2023-2025
69%
1295 Carlos Álvarez RW 1 0 (0) 2022-2023
69%
448 Chris Ramos ST 52 6 (2) 2022-2024
69%
254 Dani Gómez ST 84 8 (5) 2020-2022, 2024-2025
69%
293 David Silva AM 74 6 (16) 2020-2023
69%
638 Diego Llorente CB 31 2 (0) 2020-2021, 2024-2025
69%
747 Fábio Silva ST 24 10 (3) 2024-2025
69%
176 Ferland Mendy LB 103 3 (3) 2020-2025
69%
524 Fernando Martínez GK 41 0 (0) 2022-2024
69%
164 Ferran Torres ST 107 25 (15) 2021-2025
69%
414 Gastón Álvarez CB 56 4 (0) 2022-2024
69%
938 Gastón Silva CB 12 0 (0) 2020-2021
69%
97 Guido Rodríguez DM 125 5 (2) 2020-2024
69%
1079 Henrique Silva LB 5 0 (0) 2024-2025
69%
540 Hugo Álvarez LW 39 5 (4) 2021-2022, 2023-2025
69%
919 Ibai Gómez LW 13 0 (1) 2020-2021
69%
184 Isco AM 102 18 (17) 2020-2025
69%
1073 James Rodríguez AM 6 0 (0) 2024-2025
69%
531 Javi Martínez AM 40 2 (2) 2020-2021, 2024-2025
69%
69 Jesús Navas RB 135 1 (11) 2020-2025
69%
198 João Félix CF 99 26 (16) 2020-2024
69%
998 Jonathan Silva LB 9 0 (0) 2021-2022
69%
562 Julián Alvarez ST 37 17 (4) 2024-2025
69%
382 Luca de la Torre CM 60 1 (7) 2022-2025
69%
1135 Marc Martínez GK 3 0 (0) 2023-2024
69%
207 Marco Asensio AM 97 24 (8) 2020-2023
69%
29 Marcos Llorente RM 158 21 (23) 2020-2025
69%
218 Maxi Gómez ST 94 12 (7) 2020-2024
69%
96 Mikel Merino CM 125 12 (20) 2020-2024
69%
36 Moi Gómez LW 151 12 (5) 2020-2025
69%
753 Nacho Martínez LB 23 0 (1) 2020-2021
69%
1166 Nobel Mendy CB 2 0 (0) 2024-2025
69%
927 Pablo Martínez CM 13 0 (1) 2021-2022
69%
505 Pablo Torre AM 44 3 (3) 2022-2025
69%
341 Papu Gómez LW 66 9 (3) 2020-2023
69%
194 Pau Torres CB 100 8 (3) 2020-2023
69%
1100 Ramón Martínez CB 5 1 (0) 2024-2025
69%
1176 Raúl Navas CB 2 0 (0) 2020-2021
69%
1292 Roger Martínez CM 1 0 (0) 2022-2023
69%
1158 Rubén Martínez GK 3 0 (0) 2020-2021
69%
265 Sergi Gómez CB 81 1 (2) 2020-2022, 2024-2025
69%
692 Sergio Álvarez DM 27 0 (0) 2020-2021
69%
343 Sergio Gómez LW 66 2 (6) 2020-2021, 2024-2025
69%
509 Sergio Ramos CB 43 5 (0) 2020-2021, 2023-2024
69%
677 Toni Martínez ST 28 4 (0) 2024-2025
69%
406 Unai Gómez AM 57 3 (3) 2023-2025
69%
1271 Víctor Gómez RB 1 0 (0) 2021-2022
69%
1198 Adrián Rodríguez GK 2 0 (0) 2024-2025
66%
305 Aitor Fernández GK 71 0 (0) 2020-2025
66%
64 Alexander Sørloth ST 136 59 (11) 2021-2025
66%
147 Álex Fernández CM 111 10 (4) 2020-2024
66%
323 Álex Moreno LB 68 5 (9) 2020-2023
66%
518 Álvaro Fernández GK 42 0 (0) 2020-2021, 2022-2023, 2024-2025
66%
889 Andrés Fernández GK 16 0 (0) 2020-2021
66%
1243 Arturo Rodríguez LW 1 0 (0) 2024-2025
66%
944 Augusto Fernández CM 12 0 (0) 2020-2021
66%
48 Borja Iglesias ST 144 47 (7) 2020-2025
66%
459 Carlos Fernández ST 50 4 (3) 2020-2021, 2022-2024
66%
959 Chema Rodríguez CB 11 0 (0) 2020-2022
66%
794 Damián Rodríguez DM 22 0 (2) 2023-2025
66%
6 Dani Parejo CM 175 14 (27) 2020-2025
66%
46 Dani Rodríguez AM 144 12 (22) 2021-2025
66%
1323 Dani Rodríguez LW 1 0 (0) 2024-2025
66%
740 David Torres CB 25 0 (0) 2022-2023, 2024-2025
66%
972 Diego Moreno RB 11 0 (0) 2022-2023
66%
1325 Federico Fernández CB 1 0 (0) 2022-2023
66%
119 Gerard Moreno ST 118 52 (21) 2020-2025
66%
91 Giorgi Mamardashvili GK 127 0 (0) 2021-2025
66%
674 Iñaki Peña GK 28 0 (0) 2022-2025
66%
568 Javi Rodríguez CB 36 3 (2) 2024-2025
66%
296 Javi Sánchez CB 73 3 (0) 2020-2021, 2022-2023, 2024-2025
66%
797 Jesús Rodríguez LW 21 2 (1) 2024-2025
66%
441 Joaquín Fernández CB 52 2 (0) 2020-2021, 2022-2023
66%
1314 Jorge Moreno CB 1 0 (0) 2023-2024
66%
398 Kirian Rodríguez AM 58 6 (5) 2023-2025
66%
300 Lamine Yamal RW 73 14 (22) 2022-2025
66%
61 Lucas Vázquez RB 137 13 (20) 2020-2025
66%
14 Martín Zubimendi DM 170 9 (7) 2020-2025
66%
717 Miguel Rodríguez RW 26 1 (0) 2020-2021, 2022-2024
66%
120 Óliver Torres CM 118 5 (8) 2020-2024
66%
712 Pedro Díaz CM 26 3 (0) 2024-2025
66%
1206 Pelayo Fernández CB 2 0 (0) 2024-2025
66%
719 Peque Fernández CF 26 1 (1) 2024-2025
66%
1120 Raúl Fernández GK 4 0 (0) 2023-2024
66%
849 Ricardo Rodríguez LB 18 0 (1) 2024-2025
66%
834 Roberto Fernández ST 19 6 (1) 2024-2025
66%
352 Roberto Torres AM 65 9 (3) 2020-2023
66%
192 Rubén Peña RB 100 1 (4) 2020-2025
66%
183 Sergio Busquets DM 102 2 (9) 2020-2023
66%
311 Valery Fernández RW 70 4 (2) 2022-2025
66%
877 Víctor Rodríguez AM 16 0 (0) 2020-2021
66%
1306 Xavi Moreno RW 1 0 (0) 2024-2025
66%
1121 Yoel Rodríguez GK 4 0 (0) 2020-2021
66%
24 Ante Budimir ST 160 65 (9) 2020-2025
63%
104 Antonio Sánchez CM 123 4 (1) 2021-2025
63%
213 Aridane Hernández CB 95 0 (1) 2020-2025
63%
911 Ben Brereton Díaz ST 14 0 (0) 2023-2024
63%
1240 Borja Vázquez ST 1 0 (0) 2023-2024
63%
279 Clément Lenglet CB 77 3 (2) 2020-2021, 2024-2025
63%
818 Coba da Costa LW 19 1 (1) 2024-2025
63%
1178 Curro Sánchez RW 2 0 (0) 2022-2023
63%
1340 Dani Díaz RW 1 0 (0) 2024-2025
63%
1049 Diego Costa ST 7 2 (0) 2020-2021
63%
899 Franco Vázquez AM 15 1 (0) 2020-2021
63%
346 Germán Sánchez CB 66 5 (2) 2020-2022
63%
476 Giuliano Simeone RW 48 3 (8) 2021-2022, 2023-2025
63%
775 Hélder Costa RW 22 0 (1) 2021-2022
63%
109 Ivan Rakitic CM 121 11 (12) 2020-2024
63%
403 Iván Sánchez RW 57 3 (2) 2022-2023, 2024-2025
63%
189 Jaume Costa LB 101 0 (7) 2020-2024
63%
1263 Javi Díaz GK 1 0 (0) 2021-2022
63%
246 Javi Hernández LB 86 4 (5) 2022-2025
63%
351 Jesús Vázquez LB 65 1 (0) 2021-2025
63%
107 Juan Iglesias RB 122 1 (4) 2020-2025
63%
392 Juanlu Sánchez RB 59 4 (6) 2021-2022, 2023-2025
63%
479 Kevin Vázquez RB 47 0 (1) 2020-2024
63%
626 Logan Costa CB 32 2 (1) 2024-2025
63%
955 Luismi Sánchez DM 11 0 (0) 2020-2021
63%
51 Manu Sánchez LB 140 2 (16) 2020-2025
63%
1040 Marcos Peña CM 7 0 (0) 2023-2024
63%
508 Mariano Díaz ST 43 2 (2) 2020-2024
63%
1148 Pepe Sánchez CB 3 0 (0) 2020-2021
63%
195 Raphinha LW 100 31 (27) 2022-2025
63%
598 Ricard Sánchez RB 34 3 (1) 2020-2021, 2023-2024
63%
924 Roberto GK 13 0 (0) 2020-2021
63%
203 Rodri Sánchez RW 98 3 (6) 2020-2025
63%
793 Rubén Sánchez RB 22 0 (3) 2021-2023
63%
281 Salvi Sánchez RW 76 4 (1) 2020-2024
63%
204 Samú Costa DM 98 2 (5) 2022-2025
63%
377 Sergi Roberto CM 61 10 (6) 2020-2024
63%
167 Stefan Savic CB 106 1 (0) 2020-2024
63%
513 Víctor Díaz RB 43 1 (2) 2020-2021, 2023-2024
63%
98 Youssef En-Nesyri ST 125 47 (5) 2020-2024
63%
790 Alberto Marí ST 22 2 (1) 2022-2025
59%
234 Bono GK 90 1 (2) 2020-2024
59%
333 Casemiro DM 67 7 (8) 2020-2023
59%
545 Cucho Hernández ST 38 7 (4) 2020-2021, 2024-2025
59%
1197 Guillem Molina CB 2 0 (0) 2020-2021
59%
328 Jorge Molina ST 68 18 (7) 2020-2022
59%
427 José Mari DM 54 1 (0) 2020-2024
59%
389 Jude Bellingham AM 59 28 (15) 2023-2025
59%
384 Luis Hernández CB 60 1 (0) 2021-2024
59%
949 Mario Hernández RB 12 1 (0) 2021-2023
59%
173 Nabil Fekir AM 103 14 (20) 2020-2025
59%
223 Nahuel Molina RB 93 6 (8) 2022-2025
59%
434 Nico González CM 53 3 (2) 2021-2023
59%
55 Óscar Mingueza RB 139 8 (11) 2020-2025
59%
432 Pau Cubarsí CB 54 0 (3) 2023-2025
59%
86 Raúl Albiol CB 129 0 (1) 2020-2025
59%
571 Sergio González CB 36 2 (0) 2024-2025
59%
1267 Sergio González CM 1 0 (0) 2020-2021
59%
30 Sergio Herrera GK 155 0 (0) 2020-2025
59%
897 Wojciech Szczesny GK 15 0 (0) 2024-2025
59%
954 Adama Traoré RW 11 0 (2) 2021-2022
56%
1 Álex Remiro GK 184 0 (0) 2020-2025
56%
682 Alfon González LW 28 5 (2) 2020-2021, 2024-2025
56%
477 Ander Herrera CM 48 0 (4) 2022-2025
56%
551 Arda Güler AM 38 9 (5) 2023-2025
56%
259 Axel Witsel CB 82 2 (1) 2022-2025
56%
19 Brais Méndez AM 164 29 (17) 2020-2025
56%
694 Bruno González CB 27 1 (0) 2020-2021
56%
212 Cristhian Stuani ST 95 29 (5) 2022-2025
56%
1027 Cristian Herrera ST 8 1 (0) 2023-2024
56%
3 David Soria GK 180 0 (0) 2020-2025
56%
358 Diego González CB 63 1 (0) 2020-2023
56%
280 Edgar González CB 77 3 (1) 2021-2024
56%
1033 Fabio González CM 8 0 (0) 2023-2025
56%
1231 Fran González GK 1 0 (0) 2024-2025
56%
397 Giovanni González RB 58 2 (3) 2021-2024
56%
553 Héctor Herrera DM 37 0 (1) 2020-2022
56%
1014 Hugo González RW 9 0 (1) 2023-2024
56%
1227 Iñaki González CM 1 0 (0) 2023-2024
56%
621 João Cancelo RB 32 2 (4) 2023-2024
56%
70 José Gayà LB 135 5 (19) 2020-2025
56%
1152 Josep Gayá CB 3 0 (0) 2021-2023
56%
1244 Josito González AM 1 0 (0) 2024-2025
56%
371 Memphis Depay ST 61 22 (3) 2021-2024
56%
1081 Moussa Dembélé ST 5 0 (0) 2020-2021
56%
679 Nicolas Pépé RW 28 3 (6) 2024-2025
56%
283 Ousmane Dembélé RW 76 12 (23) 2020-2023
56%
950 Quique González ST 12 0 (0) 2020-2021
56%
772 Raúl Asencio CB 23 0 (1) 2024-2025
56%
1066 Rober González RW 6 0 (0) 2021-2023
56%
26 Robin Le Normand CB 159 4 (3) 2020-2025
56%
75 Yangel Herrera CM 133 15 (7) 2020-2025
56%
326 Alexander Isak ST 68 24 (4) 2020-2023
53%
321 Álvaro Morata ST 68 28 (6) 2022-2024
53%
396 Andreas Christensen CB 58 3 (3) 2022-2025
53%
867 Antony RW 17 5 (2) 2024-2025
53%
572 Artem Dovbyk ST 36 24 (8) 2023-2024
53%
952 Bertrand Traoré RW 11 1 (0) 2023-2024
53%
641 Brian Ocampo LW 31 2 (1) 2022-2024
53%
253 Dani Ceballos CM 84 0 (6) 2021-2025
53%
796 Endrick ST 22 1 (1) 2024-2025
53%
275 Geoffrey Kondogbia DM 78 1 (4) 2020-2023
53%
517 Hamari Traoré RB 42 0 (3) 2023-2025
53%
395 Héctor Bellerín RB 58 0 (5) 2021-2025
53%
208 Juan Foyth RB 96 4 (2) 2020-2025
53%
110 Lucas Ocampos LW 120 19 (12) 2020-2025
53%
737 Marc Casadó DM 25 1 (3) 2023-2025
53%
828 Miralem Pjanić CM 19 0 (0) 2020-2021
53%
247 Oriol Romeu DM 86 2 (1) 2022-2025
53%
842 Pierre-Emerick Aubameyang ST 18 11 (1) 2021-2023
53%
243 Thomas Lemar AM 86 6 (11) 2020-2025
53%
470 Toni Villa LW 49 3 (3) 2020-2021, 2022-2024
53%
181 Yannick Carrasco LW 102 19 (20) 2020-2024
53%
1249 Álvaro Bravo CM 1 0 (0) 2020-2021
50%
268 Ayoze Pérez ST 80 31 (5) 2022-2025
50%
866 Bruno Méndez CB 17 2 (0) 2023-2024
50%
45 Carles Aleñá CM 145 6 (9) 2020-2025
50%
412 Claudio Bravo GK 56 0 (0) 2020-2024
50%
320 Daley Blind CB 68 1 (5) 2023-2025
50%
729 Dani Olmo AM 25 10 (4) 2024-2025
50%
1222 Diego Méndez CM 2 0 (0) 2022-2024
50%
348 Edgar Méndez RW 65 6 (2) 2020-2022
50%
82 Hugo Duro ST 131 32 (11) 2020-2025
50%
574 İlkay Gündoğan CM 36 5 (9) 2023-2024
50%
65 Johan Mojica LB 136 3 (10) 2020-2025
50%
141 Marcos Acuña LB 112 6 (9) 2020-2024
50%
356 Martin Braithwaite ST 64 14 (5) 2020-2023
50%
60 Óscar de Marcos RB 138 4 (18) 2020-2025
50%
636 Raphaël Varane CB 31 2 (0) 2020-2021
50%
902 Samuel Umtiti CB 14 0 (0) 2020-2022
50%
452 Sergiño Dest RB 51 2 (4) 2020-2022
50%
762 Abel Ruiz ST 23 4 (0) 2024-2025
47%
1288 Alberto del Moral CM 1 0 (0) 2022-2023
47%
277 Carles Pérez RW 78 7 (6) 2022-2025
47%
18 Djené CB 166 0 (4) 2020-2025
47%
373 Dodi Lukébakio RW 61 16 (3) 2023-2025
47%
547 Eden Hazard LW 38 3 (3) 2020-2023
47%
1296 Ferran Ruiz RB 1 0 (0) 2024-2025
47%
344 Fran Pérez RW 66 1 (4) 2022-2025
47%
1086 Gareth Bale RW 5 1 (0) 2021-2022
47%
450 Gerard Piqué CB 51 1 (0) 2020-2023
47%
472 Gerónimo Rulli GK 48 0 (0) 2020-2023
47%
357 Giovani Lo Celso AM 63 11 (7) 2021-2022, 2024-2025
47%
444 Gonzalo Montiel RB 52 1 (6) 2021-2022, 2024-2025
47%
632 Iñigo Pérez CM 32 1 (0) 2020-2022
47%
49 Isi Palazón CF 143 19 (14) 2021-2025
47%
1011 Isma Ruiz CM 9 0 (0) 2020-2022
47%
57 Jaime Mata ST 138 12 (2) 2020-2025
47%
594 Jesús Vallejo CB 34 0 (1) 2020-2025
47%
90 Joan Jordán CM 127 6 (10) 2020-2025
47%
81 José Luis Morales ST 131 40 (11) 2020-2024
47%
1084 Juan Pérez GK 5 0 (0) 2020-2022
47%
1272 Kike Hermoso CB 1 1 (0) 2021-2022
47%
133 Kike Pérez CM 114 6 (3) 2020-2025
47%
951 Lago Júnior LW 11 0 (0) 2021-2023
47%
290 Lucas Pérez ST 75 12 (7) 2020-2023
47%
312 Luis Pérez RB 70 0 (1) 2020-2021, 2022-2023, 2024-2025
47%
873 Luiz Júnior GK 17 0 (0) 2024-2025
47%
404 Manu Vallejo CF 57 6 (3) 2020-2023
47%
685 Marcelo LB 28 0 (4) 2020-2022
47%
378 Marcos Alonso LB 60 4 (0) 2022-2025
47%
130 Mario Hermoso CB 114 6 (5) 2020-2024
47%
912 Nehuén Pérez CB 14 0 (0) 2020-2021
47%
59 Nemanja Gudelj DM 138 5 (3) 2020-2025
47%
977 Neto GK 10 0 (0) 2020-2022
47%
44 Oihan Sancet AM 146 37 (14) 2020-2025
47%
148 Paulo Gazzaniga GK 110 0 (0) 2020-2021, 2022-2025
47%
74 Rafa Mir ST 133 32 (3) 2020-2025
47%
47 Renato Tapia DM 144 1 (1) 2020-2025
47%
94 Saúl Ñíguez CM 125 7 (14) 2020-2025
47%
584 Sergio Ruiz CM 35 0 (4) 2023-2024
47%
153 Vedat Muriqi ST 109 34 (10) 2021-2025
47%
421 Víctor Ruiz CB 55 2 (0) 2020-2023
47%
78 Yéremy Pino RW 132 17 (19) 2020-2025
47%
35 Alfonso Espino LB 152 2 (12) 2020-2025
44%
1000 Álvaro Jiménez RW 9 0 (0) 2021-2022
44%
41 Andoni Gorosabel RB 147 1 (7) 2020-2025
44%
1311 Ángel Jiménez GK 1 0 (0) 2020-2021
44%
367 Ansu Fati LW 62 15 (5) 2020-2025
44%
171 Borja Mayoral ST 106 34 (5) 2020-2025
44%
628 Conor Gallagher CM 32 3 (3) 2024-2025
44%
903 Dani Alves RB 14 1 (3) 2021-2022
44%
335 Diego Carlos CB 67 4 (0) 2020-2022
44%
28 Dimitri Foulquier RB 158 0 (8) 2020-2025
44%
174 Enes Ünal ST 103 34 (7) 2020-2024
44%
250 Fernando DM 85 4 (6) 2020-2024
44%
15 Florian Lejeune CB 169 10 (5) 2020-2025
44%
291 Francis Coquelin DM 75 3 (1) 2020-2024
44%
675 Franck Kessié CM 28 1 (1) 2022-2023
44%
137 Iker Muniain AM 113 11 (19) 2020-2024
44%
31 Javi Galán LB 155 1 (12) 2020-2025
44%
1048 Junior Firpo LB 7 1 (1) 2020-2021
44%
515 Kieran Trippier RB 43 0 (6) 2020-2022
44%
190 Marko Dmitrovic GK 101 1 (0) 2020-2025
44%
80 Munir El Haddadi RW 131 16 (5) 2020-2025
44%
286 Pablo Barrios CM 76 1 (6) 2022-2025
44%
40 Pablo Maffeo RB 147 5 (16) 2020-2025
44%
750 Philippe Coutinho AM 24 4 (2) 2020-2022
44%
13 Portu RW 171 17 (15) 2020-2025
44%
976 Ramiro Funes Mori CB 10 0 (0) 2020-2021
44%
211 Raúl Guti CM 95 3 (1) 2020-2023
44%
662 Riqui Puig CM 29 2 (0) 2020-2022
44%
226 Samuel Chukwueze RW 92 13 (11) 2020-2023
44%
179 Samuel Lino LW 103 13 (11) 2022-2025
44%
139 Suso RW 112 6 (15) 2020-2025
44%
282 Viktor Tsygankov RW 76 13 (18) 2022-2025
44%
85 William Carvalho DM 129 8 (5) 2020-2025
44%
239 Adnan Januzaj RW 88 9 (6) 2020-2025
41%
187 Aihen Muñoz LB 101 0 (3) 2020-2025
41%
5 Álex Berenguer LW 177 28 (24) 2020-2025
41%
799 Álex Muñoz LB 21 3 (0) 2024-2025
41%
233 Andrés Guardado CM 90 2 (2) 2020-2024
41%
1146 Aritz Arambarri CB 3 0 (0) 2020-2021, 2024-2025
41%
127 Chimy Ávila ST 115 18 (7) 2020-2025
41%
58 Conan Ledesma GK 138 0 (0) 2020-2024
41%
122 Dani Vivian CB 118 7 (1) 2021-2025
41%
172 Étienne Capoue DM 106 6 (2) 2020-2024
41%
393 Iker Muñoz DM 59 4 (1) 2022-2025
41%
199 Ilaix Moriba CM 99 2 (8) 2020-2025
41%
302 Javi Muñoz CM 72 3 (6) 2023-2025
41%
1144 Joaquín Muñoz LW 3 0 (0) 2020-2021
41%
160 Manu Trigueros CM 107 7 (12) 2020-2024
41%
111 Mauro Arambarri CM 120 13 (6) 2020-2025
41%
165 Miguel Gutiérrez LB 107 5 (18) 2020-2025
41%
66 Nemanja Maksimovic CM 136 6 (2) 2020-2024
41%
1167 Pablo Muñoz LW 2 0 (0) 2022-2023
41%
92 Pathé Ciss CM 127 8 (2) 2021-2025
41%
445 Renan Lodi LB 52 3 (4) 2020-2022
41%
38 Sergi Darder CM 148 13 (25) 2021-2025
41%
1139 Thomas Partey DM 3 0 (0) 2020-2021
41%
1223 Víctor Muñoz LW 2 0 (0) 2024-2025
41%
577 Vitor Roque ST 36 6 (2) 2023-2025
41%
298 Aitor Paredes CB 73 4 (0) 2022-2025
38%
331 Aleix Vidal RW 68 2 (4) 2020-2023
38%
132 Alfonso Pedraza LB 114 6 (17) 2020-2025
38%
206 Álvaro Negredo ST 97 16 (8) 2020-2024
38%
699 Álvaro Odriozola RB 27 2 (0) 2020-2021, 2022-2025
38%
374 Arnaut Danjuma LW 61 16 (3) 2021-2022, 2024-2025
38%
336 Carlos Soler CM 67 23 (13) 2020-2023
38%
158 Choco Lozano ST 107 14 (7) 2020-2024
38%
244 Cyle Larin ST 86 18 (7) 2022-2025
38%
162 Darwin Machís LW 107 12 (11) 2020-2025
38%
169 Diego Rico LB 106 0 (10) 2021-2025
38%
215 Gabriel Paulista CB 94 7 (3) 2020-2024
38%
241 Germán Pezzella CB 86 2 (0) 2021-2024
38%
252 Gonçalo Guedes LW 84 19 (14) 2020-2021, 2023-2024
38%
200 Gorka Guruzeta ST 98 27 (8) 2022-2025
38%
804 Houboulang Mendes RB 21 0 (1) 2022-2024
38%
56 Igor Zubeldia CB 139 2 (5) 2020-2025
38%
315 Joaquín RW 70 2 (8) 2020-2023
38%
978 Juan Carlos GK 10 0 (0) 2022-2023
38%
236 Kang-in Lee RW 90 7 (13) 2020-2023
38%
904 Kepa Arrizabalaga GK 14 0 (0) 2023-2024
38%
99 Lucas Boyé ST 124 27 (11) 2020-2024
38%
629 Mikel Rico CM 32 1 (4) 2020-2021
38%
152 Nacho Vidal RB 109 1 (1) 2020-2025
38%
116 Omar Alderete CB 119 4 (2) 2021-2025
38%
808 Pau Víctor ST 21 2 (1) 2024-2025
38%
433 Pervis Estupiñán LB 53 0 (2) 2020-2022
38%
599 Pol Lozano CM 34 0 (1) 2022-2023, 2024-2025
38%
307 Radamel Falcao ST 71 9 (0) 2021-2024
38%
266 Raúl de Tomás ST 80 22 (5) 2021-2025
38%
161 Sandro Ramírez ST 107 18 (7) 2020-2021, 2023-2025
38%
905 Sergio Rico GK 14 0 (0) 2021-2022
38%
1204 Tomás Mendes CM 2 0 (0) 2021-2022, 2023-2024
38%
73 Adrián Embarba RW 133 8 (8) 2021-2025
34%
188 Aimar Oroz AM 101 10 (11) 2022-2025
34%
261 Aïssa Mandi CB 82 5 (1) 2020-2024
34%
112 Aitor Ruibal RB 120 5 (6) 2020-2025
34%
166 Álex Baena LW 107 15 (27) 2020-2021, 2022-2025
34%
101 Ander Barrenetxea LW 124 12 (6) 2020-2025
34%
630 Arsen Zakharyan AM 32 2 (2) 2023-2025
34%
895 Arthur Melo DM 15 0 (0) 2024-2025
34%
535 Benito Ramírez LW 39 1 (1) 2023-2025
34%
527 Carlos Bacca ST 40 5 (1) 2020-2022
34%
552 Denis Cheryshev LW 38 0 (5) 2020-2022
34%
710 Donny van de Beek CM 26 2 (2) 2024-2025
34%
347 Erik Lamela RW 65 13 (2) 2021-2024
34%
379 Felipe CB 60 2 (1) 2020-2023
34%
684 Francisco Trincão RW 28 3 (2) 2020-2021
34%
424 Jasper Cillessen GK 54 0 (1) 2020-2021, 2024-2025
34%
262 Javi Guerra CM 82 8 (4) 2022-2025
34%
76 Jorge de Frutos RW 133 16 (20) 2020-2021, 2023-2025
34%
251 José Ángel Carmona RB 85 4 (2) 2021-2025
34%
142 Juanmi LW 111 25 (6) 2020-2025
34%
180 Leandro Cabrera CB 102 6 (3) 2021-2022, 2024-2025
34%
62 Luis Milla CM 137 5 (12) 2020-2025
34%
703 Luiz Felipe CB 27 0 (0) 2022-2024
34%
826 Luka Jović ST 19 1 (3) 2020-2022
34%
1160 Marc Guiu ST 3 1 (0) 2023-2024
34%
95 Martin Valjent CB 125 3 (1) 2021-2025
34%
37 Mikel Vesga DM 150 8 (5) 2020-2025
34%
145 Mouctar Diakhaby CB 111 7 (1) 2020-2025
34%
1129 Nico Paz AM 4 0 (0) 2023-2024
34%
128 Pere Milla LW 115 21 (7) 2020-2022, 2024-2025
34%
77 Santi Comesaña CM 132 10 (6) 2021-2025
34%
334 Santi Mina ST 67 19 (7) 2020-2022
34%
565 Savinho RW 37 9 (10) 2023-2024
34%
1112 Sergio Agüero ST 4 1 (0) 2021-2022
34%
1275 Sergio Santos RB 1 0 (0) 2021-2022
34%
131 Unai Núñez CB 114 2 (2) 2020-2025
34%
390 Yan Couto RB 59 2 (12) 2022-2024
34%
219 Yunus Musah CM 94 2 (2) 2020-2023
34%
105 Yuri Berchiche LB 123 6 (12) 2020-2025
34%
922 Álex Blanco LW 13 1 (0) 2020-2021
31%
285 Antonio Blanco DM 76 0 (2) 2020-2025
31%
257 Bryan Gil LW 84 9 (9) 2020-2022, 2024-2025
31%
523 Carlos Romero LB 41 2 (1) 2023-2025
31%
538 César Azpilicueta CB 39 1 (2) 2023-2025
31%
1300 Cristo Romero LB 1 0 (0) 2021-2022
31%
920 David Gil GK 13 0 (0) 2020-2021, 2022-2024
31%
121 Domingos Duarte CB 118 3 (2) 2020-2025
31%
560 Emerson Royal RB 37 1 (4) 2020-2022
31%
11 Fran Beltrán CM 172 6 (3) 2020-2025
31%
465 Gabri Veiga AM 50 11 (4) 2020-2024
31%
751 Héctor Fort RB 24 0 (2) 2023-2025
31%
117 Hugo Guillamón DM 119 4 (4) 2020-2025
31%
170 Iñigo Lekue RB 106 0 (6) 2020-2025
31%
498 Isaac Romero ST 45 8 (6) 2023-2025
31%
84 Iván Balliu RB 130 1 (3) 2021-2025
31%
1072 Iván Romero ST 6 0 (0) 2021-2023
31%
499 Johnny Cardoso CM 45 4 (3) 2023-2025
31%
8 Jon Moncayola CM 174 6 (9) 2020-2025
31%
163 Joseph Aidoo CB 107 3 (1) 2020-2025
31%
1115 Josete Miranda LW 4 0 (0) 2020-2021
31%
89 Juan Cruz LB 127 0 (1) 2020-2025
31%
496 Juan Cruz LW 45 6 (4) 2022-2025
31%
263 Juan Miranda LB 81 5 (7) 2020-2024
31%
874 Lautaro Blanco LB 17 0 (2) 2022-2023
31%
273 Loïc Badé CB 79 2 (2) 2022-2025
31%
32 Lucas Torró DM 154 6 (1) 2020-2025
31%
1200 Luismi Cruz RW 2 0 (0) 2021-2022
31%
42 Luis Rioja LW 146 15 (12) 2020-2021, 2023-2025
31%
835 Luka Romero RW 19 3 (0) 2023-2025
31%
316 Marc Bartra CB 70 3 (2) 2020-2021, 2023-2025
31%
1044 Martin Ødegaard AM 7 0 (0) 2020-2021
31%
439 Óscar Duarte CB 52 3 (0) 2020-2022
31%
420 Óscar Gil RB 55 0 (3) 2021-2023
31%
853 Rafinha AM 17 1 (0) 2021-2022
31%
292 Reinildo Mandava LB 74 2 (1) 2021-2025
31%
482 Roberto Soldado ST 47 12 (2) 2020-2022
31%
824 Rubén Blanco GK 19 0 (0) 2020-2021
31%
220 Rubén Duarte CB 93 3 (7) 2020-2021, 2023-2024
31%
967 Rubén Vargas LW 11 2 (1) 2024-2025
31%
658 Sime Vrsaljko RB 30 1 (2) 2020-2022
31%
151 Stole Dimitrievski GK 109 0 (0) 2021-2025
31%
332 Youssouf Sabaly RB 67 1 (4) 2021-2025
31%
205 Abde Ezzalzouli LW 98 8 (5) 2021-2025
28%
93 Ander Guevara CM 126 2 (3) 2020-2025
28%
221 Asier Villalibre ST 93 9 (5) 2020-2025
28%
416 Carlos Domínguez CB 56 0 (0) 2020-2025
28%
422 Daniel Wass CM 55 5 (2) 2020-2022
28%
426 Djibril Sow CM 54 3 (2) 2023-2025
28%
222 Franco Cervi LW 93 4 (9) 2021-2025
28%
103 Gerard Gumbau DM 123 1 (14) 2021-2025
28%
1332 Isra Domínguez LW 1 0 (0) 2024-2025
28%
182 Javi Puado LW 102 23 (7) 2021-2022, 2024-2025
28%
318 Jørgen Strand Larsen ST 69 17 (7) 2022-2024
28%
698 Kévin Gameiro ST 27 4 (1) 2020-2021
28%
1130 Marc Bernal DM 3 0 (0) 2024-2025
28%
1106 Mario Dominguez ST 5 0 (0) 2021-2022, 2023-2024
28%
611 Mason Greenwood RW 33 8 (6) 2023-2024
28%
359 Mathías Olivera LB 63 1 (3) 2020-2022
28%
645 Natan CB 31 1 (1) 2024-2025
28%
126 Oscar Trejo AM 116 7 (13) 2021-2025
28%
63 Óscar Valentín CM 137 1 (0) 2021-2025
28%
519 Pablo Fornals CM 41 5 (2) 2023-2025
28%
463 Pape Gueye DM 50 5 (3) 2022-2023, 2024-2025
28%
193 Pepelu DM 100 9 (2) 2021-2022, 2023-2025
28%
1156 Sergi Domínguez CB 3 0 (0) 2024-2025
28%
446 Sergio Asenjo GK 52 0 (0) 2020-2023
28%
555 Sheraldo Becker LW 37 4 (3) 2023-2025
28%
1068 Yusuf Demir RW 6 0 (0) 2021-2022
28%
159 Abdón Prats ST 107 12 (2) 2021-2025
25%
810 Adu Ares RW 21 0 (0) 2022-2025
25%
362 Alberto Moleiro LW 63 9 (4) 2023-2025
25%
67 Alejandro Catena CB 136 5 (9) 2021-2025
25%
557 Alex Král CM 37 0 (1) 2024-2025
25%
447 Anastasios Douvikas ST 52 10 (2) 2023-2025
25%
245 André Almeida AM 86 4 (9) 2022-2025
25%
486 Andrei Rațiu RB 47 2 (3) 2023-2025
25%
149 Antonio Raíllo CB 110 9 (7) 2021-2025
25%
306 Antonio Sivera GK 71 0 (0) 2020-2021, 2023-2025
25%
722 Antoniu Roca RW 26 0 (1) 2024-2025
25%
129 Aritz Elustondo CB 115 5 (4) 2020-2025
25%
550 Asier Illarramendi DM 38 1 (0) 2020-2023
25%
1064 Çağlar Söyüncü CB 6 0 (0) 2023-2024
25%
659 Cédric Bakambu ST 29 2 (2) 2023-2025
25%
230 Edgar Badia GK 90 0 (0) 2020-2023
25%
731 Edinson Cavani ST 25 5 (2) 2022-2023
25%
807 El Bilal Touré ST 21 7 (2) 2022-2023
25%
474 Facundo Pellistri RW 48 2 (2) 2020-2021, 2023-2024
25%
123 Fali CB 117 0 (3) 2020-2024
25%
375 Gonzalo Villar CM 61 1 (4) 2021-2024
25%
410 Iván Villar GK 56 0 (0) 2020-2021, 2022-2025
25%
1230 Jeremy Jorge LW 1 0 (0) 2023-2024
25%
743 Jesús Corona RW 24 3 (4) 2021-2024
25%
1101 Joel Roca LW 5 0 (0) 2022-2023
25%
308 Jorge Cuenca CB 71 4 (1) 2021-2024
25%
386 Joseba Zaldua RB 59 0 (1) 2020-2024
25%
1062 Juan Soriano GK 6 0 (0) 2024-2025
25%
140 Kike Barja RW 112 5 (11) 2020-2025
25%
681 Ladislav Krejci CB 28 2 (1) 2024-2025
25%
827 Lucas Torreira DM 19 1 (0) 2020-2021
25%
802 Manolo Reina GK 21 0 (0) 2021-2022
25%
529 Marc Roca DM 40 4 (4) 2023-2025
25%
532 Matheus Cunha CF 40 6 (8) 2021-2023
25%
803 Nayef Aguerd CB 21 0 (0) 2024-2025
25%
590 Nicolas Jackson ST 35 12 (5) 2021-2023
25%
108 Omar Mascarell DM 121 1 (1) 2021-2025
25%
431 Ørjan Nyland GK 54 0 (0) 2023-2025
25%
1019 Peio Canales AM 8 0 (0) 2024-2025
25%
749 Pepe Reina GK 24 0 (0) 2022-2024
25%
301 Predrag Rajković GK 72 0 (0) 2022-2024
25%
202 Randy Nteka AM 98 7 (3) 2021-2025
25%
615 Raúl Moro LW 33 4 (5) 2024-2025
25%
256 Rodrigo Riquelme LW 84 7 (10) 2022-2025
25%
1025 Sébastien Haller ST 8 0 (0) 2024-2025
25%
83 Sergi Guardiola ST 130 13 (6) 2020-2025
25%
503 Sergio Arribas AM 44 9 (4) 2020-2021, 2022-2024
25%
1318 Sergio Arribas CB 1 0 (0) 2024-2025
25%
229 Sergio Camello ST 91 12 (8) 2022-2025
25%
209 Sergio Canales AM 96 17 (17) 2020-2023
25%
601 Seydouba Cissé CM 34 3 (1) 2024-2025
25%
349 Stefan Mitrovic CB 65 2 (0) 2021-2024
25%
585 Taty Castellanos ST 35 13 (1) 2022-2023
25%
124 Thierry Correia RB 117 1 (4) 2020-2025
25%
607 Thomas Delaney CM 34 2 (1) 2021-2023
25%
429 Umar Sadiq ST 54 11 (1) 2022-2025
25%
197 Adrià Pedrosa LB 100 3 (6) 2021-2025
22%
830 Agustín Marchesín GK 19 0 (0) 2022-2023
22%
400 Allan Nyom RB 57 1 (4) 2020-2021, 2024-2025
22%
468 Augusto Batalla GK 49 0 (0) 2023-2025
22%
438 Bebé LW 52 3 (3) 2021-2024
22%
260 Cristhian Mosquera CB 82 1 (0) 2021-2025
22%
156 Darko Brasanac CM 108 5 (5) 2020-2025
22%
408 Enis Bardhi AM 56 4 (5) 2020-2022
22%
781 Eric Bailly CB 22 0 (0) 2023-2025
22%
237 Fernando Pacheco GK 89 0 (0) 2020-2023
22%
549 Filip Jørgensen GK 38 0 (0) 2022-2024
22%
134 Gonzalo Melero CM 113 19 (7) 2020-2024
22%
602 Gonzalo Plata RW 34 1 (7) 2022-2023
22%
269 Iddrisu Baba CM 80 1 (0) 2021-2024
22%
157 Iñigo Ruiz de Galarreta CM 107 1 (6) 2021-2025
22%
284 Jesús Areso RB 76 1 (9) 2021-2022, 2023-2025
22%
798 Jonathan Viera AM 21 2 (4) 2023-2024
22%
350 Jon Pacheco CB 65 1 (2) 2020-2025
22%
744 Juan Bernat LB 24 0 (2) 2024-2025
22%
272 Juanmi Latasa ST 79 6 (0) 2021-2025
22%
1180 Juan Musso GK 2 0 (0) 2024-2025
22%
579 Kévin Rodrigues LB 35 1 (1) 2020-2022
22%
754 Lei Wu RW 23 1 (0) 2021-2022
22%
313 Lucas Robertone CM 70 2 (12) 2022-2024
22%
666 Luka Sucic CM 29 1 (2) 2024-2025
22%
900 Manu Bueno CM 15 1 (0) 2022-2025
22%
186 Manu Morlanes CM 101 3 (2) 2021-2025
22%
338 Mika Mármol CB 67 0 (2) 2021-2022, 2023-2025
22%
297 Nahuel Tenaglia RB 73 3 (1) 2021-2022, 2023-2025
22%
330 Nolito LW 68 9 (6) 2020-2022
22%
595 Oli McBurnie ST 34 3 (6) 2024-2025
22%
493 Paco Alcácer ST 45 7 (7) 2020-2022
22%
701 Pedro Mosquera CM 27 0 (0) 2020-2021
22%
726 Roman Yaremchuk ST 25 3 (0) 2023-2024
22%
600 Santiago Bueno CB 34 0 (1) 2022-2023
22%
653 Saúl Coco CB 30 1 (0) 2023-2024
22%
1175 Sergio Viera AM 2 0 (0) 2024-2025
22%
442 Shon Weissman ST 52 7 (2) 2020-2021, 2022-2024
22%
225 Toni Lato LB 92 2 (2) 2020-2025
22%
376 Vicente Guaita GK 61 0 (0) 2023-2025
22%
890 Yerson Mosquera CB 16 2 (1) 2023-2024
22%
1162 Abdoulaye Keita LW 3 0 (0) 2024-2025
19%
587 Abel Bretones LB 35 2 (0) 2024-2025
19%
610 Adrià Altimira RB 33 0 (0) 2023-2025
19%
907 Adrián Marín LB 14 0 (1) 2020-2021
19%
1335 Adrián Niño ST 1 0 (0) 2024-2025
19%
931 Álvaro Carreras LB 13 0 (0) 2023-2024
19%
288 Amath Ndiaye RW 75 2 (3) 2021-2025
19%
569 Ander Capa RB 36 2 (2) 2020-2023
19%
415 Beñat Prados CM 56 1 (0) 2023-2025
19%
475 Bryan Zaragoza LW 48 7 (8) 2023-2025
19%
418 Carl Starfelt CB 55 2 (0) 2023-2025
19%
521 César Montes CB 41 3 (0) 2022-2024
19%
596 Dominik Greif GK 34 0 (0) 2021-2025
19%
987 Duk LW 10 0 (0) 2024-2025
19%
354 Fernando Calero CB 64 1 (1) 2021-2022, 2024-2025
19%
514 Fer Niño ST 43 5 (0) 2020-2023
19%
274 Hugo Mallo RB 78 4 (4) 2020-2023
19%
883 Irvin Cardona ST 16 1 (1) 2024-2025
19%
940 Ivo Grbic GK 12 0 (0) 2022-2023
19%
1161 Jacobo Ramón CB 3 1 (0) 2024-2025
19%
908 Jakub Jankto LM 14 0 (2) 2021-2022
19%
1107 Jan Salas CM 4 0 (0) 2024-2025
19%
457 Jeison Murillo CB 50 2 (0) 2020-2022
19%
533 Jofre Carreras RW 40 3 (5) 2021-2022, 2024-2025
19%
492 Jon Aramburu RB 46 1 (1) 2023-2025
19%
435 Jordi Masip GK 53 0 (0) 2020-2021, 2022-2023
19%
303 José Copete CB 72 2 (1) 2022-2025
19%
640 Karl Hein GK 31 0 (0) 2024-2025
19%
516 Kenedy LW 42 4 (4) 2020-2021, 2022-2023, 2024-2025
19%
816 Kieran Tierney LB 20 0 (2) 2023-2024
19%
385 Kike Salas CB 60 7 (3) 2022-2025
19%
906 Kiko Casilla GK 14 0 (0) 2021-2022
19%
310 Kiko Femenía RB 71 0 (1) 2022-2025
19%
380 Lucas Olaza LB 60 2 (5) 2020-2023
19%
756 Ludwig Augustinsson LB 23 0 (1) 2021-2023
19%
1189 Mamady Diarra RW 2 0 (0) 2022-2023
19%
530 Marc Cardona ST 40 4 (1) 2020-2021, 2023-2025
19%
543 Marc Cucurella LB 38 3 (2) 2020-2022
19%
399 Marvin Park RB 58 0 (3) 2020-2021, 2023-2025
19%
388 Miguel de la Fuente ST 59 2 (5) 2021-2022, 2023-2025
19%
720 Moussa Diarra CB 26 0 (0) 2024-2025
19%
714 Nacho Monreal LB 26 1 (1) 2020-2021
19%
882 Nino ST 16 0 (0) 2020-2021
19%
646 Pablo Durán ST 31 4 (4) 2022-2023, 2024-2025
19%
248 Pablo Ibáñez CM 86 2 (4) 2022-2025
19%
620 Pablo Marín AM 33 1 (2) 2022-2023, 2024-2025
19%
609 Pape Diop DM 33 1 (1) 2020-2021
19%
589 Peter Federico RW 35 0 (1) 2021-2022, 2023-2025
19%
617 Rafa Marín CB 33 0 (0) 2023-2024
19%
1110 Rober Ibáñez RW 4 0 (0) 2021-2022
19%
724 Samu Castillejo RW 25 4 (0) 2022-2023
19%
936 Santiago Arias RB 12 1 (0) 2021-2022
19%
819 Serge Aurier RB 19 0 (1) 2021-2022
19%
490 Sergi Altimira CM 46 1 (1) 2023-2025
19%
314 Sergi Cardona LB 70 2 (9) 2023-2025
19%
394 Sergio Escudero LB 59 4 (1) 2020-2023
19%
613 Tanguy Nianzou CB 33 1 (0) 2022-2025
19%
387 Uros Racic DM 59 1 (1) 2020-2022
19%
616 Vicente Iborra DM 33 0 (1) 2020-2022
19%
360 Víctor Chust CB 63 1 (1) 2020-2024
19%
456 Williot Swedberg LW 51 9 (5) 2022-2025
19%
1090 Youba Diarra CM 5 0 (0) 2022-2023
19%
383 Abdul Mumin CB 60 3 (1) 2022-2025
16%
833 Adrián GK 19 0 (0) 2024-2025
16%
264 Álex Pozo RB, RW 81 0 (3) 2020-2021, 2022-2024
16%
366 Álex Sola RW 62 0 (4) 2021-2025
16%
697 Alex Telles LB 27 0 (2) 2022-2023
16%
801 André Ferreira GK 21 0 (0) 2023-2025
16%
210 Antonio Puertas RW 95 9 (8) 2020-2021, 2023-2024
16%
878 Antonio Sanabria ST 16 3 (0) 2020-2021
16%
1291 Arnau Solà LB 1 0 (0) 2024-2025
16%
671 Assane Diao LW 28 3 (2) 2023-2025
16%
979 Benjamin Lecomte GK 10 0 (0) 2022-2023
16%
588 César Tárrega CB 35 2 (1) 2023-2025
16%
705 Chadi Riad CB 27 0 (0) 2022-2024
16%
732 Chidera Ejuke LW 25 2 (1) 2024-2025
16%
608 Christantus Uche AM 33 4 (6) 2024-2025
16%
443 Chumi CB 52 1 (1) 2022-2024
16%
683 Diego Lainez RW 28 0 (2) 2020-2022
16%
656 Dion Lopy DM 30 0 (0) 2023-2024
16%
1070 Ferran Jutglà ST 6 1 (0) 2021-2022
16%
458 Guido Carrillo ST 50 5 (2) 2020-2022
16%
780 Ianis Hagi AM 22 0 (2) 2023-2024
16%
504 Ilias Akhomach RW 44 3 (2) 2021-2022, 2023-2025
16%
175 Iván Alejo RW 103 3 (6) 2020-2024
16%
114 Iza Carcelén RB 119 0 (3) 2020-2024
16%
564 Jhon Solís CM 37 1 (0) 2023-2025
16%
837 Joel Robles GK 18 0 (0) 2020-2021
16%
216 Jon Guridi CM 94 7 (6) 2020-2021, 2023-2025
16%
548 Jorge Herrando CB 38 1 (1) 2022-2025
16%
1165 José Antonio de la Rosa LW 2 0 (1) 2022-2023
16%
734 José Callejón RW 25 0 (1) 2023-2024
16%
891 José Pozo AM 15 0 (0) 2021-2024
16%
494 Karim Rekik CB 45 1 (3) 2020-2023
16%
510 Keidi Bare CM 43 1 (3) 2021-2023
16%
369 Largie Ramazani LW 62 6 (6) 2022-2024
16%
614 Lázaro LW 33 6 (0) 2022-2024
16%
546 Lucas Rosa RB 38 0 (2) 2022-2023, 2024-2025
16%
1028 Luca Zidane GK 8 0 (0) 2021-2022
16%
487 Lucien Agoumé DM 47 1 (3) 2023-2025
16%
1289 Manu Pozo RW 1 0 (0) 2022-2023
16%
583 Marash Kumbulla CB 35 3 (0) 2024-2025
16%
746 Marcão CB 24 0 (0) 2022-2025
16%
228 Marcos André ST 91 7 (7) 2020-2022, 2024-2025
16%
606 Marc Pubill RB 34 1 (4) 2021-2022, 2023-2024
16%
872 Martín Montoya RB 17 0 (1) 2020-2023
16%
1134 Mathew Ryan GK 3 0 (0) 2021-2022
16%
340 Matija Nastasić CB 66 4 (0) 2022-2025
16%
361 Nico Melamed AM 63 2 (3) 2021-2023
16%
730 Njegos Petrovic DM 25 0 (1) 2021-2022, 2023-2024
16%
768 Orri Óskarsson ST 23 3 (0) 2024-2025
16%
635 Paulo Oliveira CB 31 0 (1) 2020-2021
16%
309 Pep Chavarría LB 71 1 (4) 2022-2025
16%
319 Ramón Terrats CM 69 5 (4) 2022-2025
16%
678 Romain Perraud LB 28 2 (2) 2024-2025
16%
144 Rubén Alcaraz CM 111 9 (1) 2020-2024
16%
113 Rubén Sobrino ST 120 8 (4) 2020-2024
16%
353 Rúben Vezo CB 64 1 (1) 2020-2022
16%
962 Sergio Reguilón LB 11 0 (0) 2022-2023
16%
430 Son RB 54 1 (1) 2020-2022
16%
930 Tajon Buchanan RM, RW 13 1 (2) 2024-2025
16%
691 Takashi Inui LW 28 1 (0) 2020-2021
16%
800 Takuma Asano RW 21 2 (1) 2024-2025
16%
591 Thierno Barry ST 35 11 (4) 2024-2025
16%
1093 Tomáš Vaclík GK 5 0 (0) 2020-2021
16%
625 Valentin Rosier RB 32 1 (2) 2024-2025
16%
345 Víctor Laguardia CB 66 3 (3) 2020-2022
16%
870 Vitolo LW 17 0 (1) 2020-2022
16%
413 Abdel Abqar CB 56 0 (1) 2023-2025
13%
847 Adama Boiro LB 18 0 (0) 2024-2025
13%
1123 Akor Adams ST 4 0 (0) 2024-2025
13%
785 Albert Sambi Lokonga CM 22 0 (2) 2024-2025
13%
1108 Aleix Febas CM 4 0 (0) 2021-2022
13%
622 Álex Collado AM 32 3 (2) 2021-2023
13%
461 Álvaro Aguado CM 50 1 (3) 2022-2023, 2024-2025
13%
1327 Álvaro Aguirre LW 1 0 (0) 2021-2022
13%
559 Álvaro Valles GK 37 0 (0) 2023-2024
13%
605 Anaitz Arbilla CB 34 0 (1) 2020-2021
13%
1125 Ángel Alarcón LW 4 0 (0) 2022-2023
13%
718 Ángel Algobia DM 26 0 (0) 2022-2023
13%
1337 Antonio Gomis GK 1 0 (0) 2022-2023
13%
661 Anuar RW 29 3 (0) 2022-2023, 2024-2025
13%
1103 Arthur Vermeeren DM 5 0 (0) 2023-2024
13%
864 Bojan Miovski ST 17 2 (2) 2024-2025
13%
255 Carlos Neva LB 84 0 (2) 2020-2021, 2023-2024
13%
455 Cenk Özkacar CB 51 0 (0) 2022-2025
13%
1007 Christian Oliva DM 9 0 (2) 2020-2021
13%
995 Cristiano Piccini CB 9 1 (0) 2020-2022
13%
537 Dani Cárdenas GK 39 0 (0) 2020-2021, 2023-2025
13%
512 Dani Raba RW, CF 43 8 (5) 2020-2021, 2024-2025
13%
704 Dário Essugo DM 27 1 (0) 2024-2025
13%
1013 Dídac Vilà LB 9 0 (0) 2021-2022
13%
1193 Diego Collado LW 2 0 (0) 2022-2023
13%
573 Dimitrios Siovas CB 36 2 (0) 2020-2021
13%
278 Edu Expósito CM 78 2 (7) 2020-2021, 2022-2023, 2024-2025
13%
773 Enric Gallego ST 22 0 (2) 2020-2021
13%
643 Enzo Barrenechea DM 31 1 (2) 2024-2025
13%
454 Enzo Loiodice CM 51 0 (1) 2023-2025
13%
411 Eray Cömert CB 56 1 (0) 2021-2022, 2024-2025
13%
481 Ezequiel Ponce ST 47 5 (0) 2021-2023
13%
654 Fabián Orellana RW 30 6 (2) 2020-2021
13%
986 Facundo Garcés CB 10 0 (0) 2024-2025
13%
868 Facundo Roncaglia CB 17 1 (1) 2020-2021
13%
372 Helibelton Palacios RB 61 0 (0) 2020-2023
13%
604 Ignasi Miquel CB 34 1 (1) 2023-2024
13%
593 Jaume Doménech GK 34 0 (0) 2020-2021, 2023-2024
13%
770 Javi Llabrés LW 23 1 (0) 2021-2025
13%
536 Jonathan Bamba LW 39 3 (3) 2023-2025
13%
618 Jorge Pulido CB 33 1 (0) 2020-2021
13%
761 Jorge Sáenz CB 23 1 (0) 2024-2025
13%
520 José Manuel Arnáiz LW 41 2 (1) 2023-2025
13%
1276 Lautaro de León ST 1 0 (0) 2020-2021
13%
1209 Lorenzo Aguado RB 2 0 (0) 2024-2025
13%
1098 Luca Koleosho RW 5 1 (0) 2021-2023
13%
327 Luís Maximiano GK 68 0 (0) 2021-2022, 2023-2024
13%
980 Marc Domènech ST 10 0 (0) 2024-2025
13%
541 Matías Dituro GK 38 0 (0) 2021-2022
13%
1045 Matteo Gabbia CB 7 0 (0) 2023-2024
13%
668 Máximo Perrone DM 29 0 (0) 2023-2024
13%
805 Miguel Rubio CB 21 1 (0) 2020-2021, 2023-2024
13%
779 Mihailo Ristic LB 22 0 (1) 2023-2025
13%
526 Mikel Jauregizar CM 41 2 (2) 2023-2025
13%
469 Myrto Uzuni LW 49 12 (2) 2021-2022, 2023-2024
13%
317 Óscar Plano CF 69 6 (7) 2020-2021, 2022-2023
13%
1043 Patrick Cutrone ST 7 0 (0) 2020-2021
13%
851 Pau Navarro CB 17 0 (0) 2024-2025
13%
748 Pedro León RW 24 1 (2) 2020-2021
13%
822 Rafa Soares LB 19 0 (1) 2020-2021
13%
289 Robert Navarro RW 75 2 (1) 2020-2025
13%
299 Rodrigo Battaglia DM 73 1 (0) 2020-2023
13%
592 Samu Aghehowa ST 35 9 (1) 2023-2024
13%
660 Scott McKenna CB 29 0 (0) 2024-2025
13%
502 Sergi Canós LW 44 1 (3) 2023-2025
13%
716 Sergio Carreira RB 26 1 (4) 2020-2021, 2024-2025
13%
401 Sergio León ST 57 8 (1) 2020-2021, 2022-2023
13%
975 Shkodran Mustafi CB 11 1 (0) 2021-2022
13%
702 Tomás Alarcón DM 27 0 (1) 2021-2023
13%
364 Tomás Pina CM 62 1 (1) 2020-2022
13%
984 Waldo Rubio LW 10 1 (0) 2020-2021
13%
787 Walid Cheddira ST 22 1 (1) 2024-2025
13%
466 Ximo Navarro RB 49 1 (1) 2020-2022
13%
981 Yan Diomande LW 10 2 (1) 2024-2025
13%
707 Yáser Asprilla RW 27 3 (1) 2024-2025
13%
964 Aarón Escandell GK 11 0 (0) 2020-2021, 2023-2024
9%
644 Abde Rebbach LW 31 1 (0) 2023-2025
9%
1245 Abdoulay Diaby RW 1 0 (0) 2020-2021
9%
619 Alejo Veliz ST 33 1 (0) 2023-2025
9%
647 Aleksandar Sedlar CB 30 1 (0) 2021-2022, 2023-2025
9%
664 Álex Centelles LB 29 1 (3) 2022-2024
9%
1099 Álex Padilla GK 5 0 (0) 2024-2025
9%
1190 Álvaro Sanz DM 2 0 (0) 2021-2022
9%
355 Beñat Turrientes CM 64 0 (1) 2021-2025
9%
791 Bernardo Espinosa CB 22 1 (1) 2022-2024
9%
287 Brian Oliván LB 75 2 (9) 2021-2022, 2024-2025
9%
970 Bruno Langa LB 11 1 (0) 2023-2024
9%
242 Carlos Clerc LB 86 0 (4) 2020-2023
9%
869 Carlos Dotor CM 17 0 (0) 2023-2024
9%
419 Carlos Vicente RW 55 7 (9) 2023-2025
9%
850 Chuki AM 18 2 (0) 2024-2025
9%
437 Cristian Tello LW 52 7 (5) 2020-2022
9%
695 Deyverson ST 27 1 (3) 2020-2021
9%
923 Dinko Horkas GK 13 0 (0) 2024-2025
9%
673 Enric Franquesa LB 28 1 (1) 2021-2022, 2024-2025
9%
561 Enzo Boyomo CB 37 2 (0) 2024-2025
9%
440 Enzo Roco CB 52 1 (0) 2021-2023
9%
649 Erick Cabaco CB 30 0 (1) 2020-2022
9%
1208 Etienne Eto'o ST 2 0 (0) 2024-2025
9%
295 Fede San Emeterio CM 73 1 (1) 2020-2024
9%
921 Florian Grillitsch DM 13 0 (0) 2024-2025
9%
507 Francisco Portillo RW 43 2 (2) 2020-2021, 2022-2023
9%
1034 Fran Vieites GK 8 0 (0) 2023-2025
9%
723 Gonçalo Paciência ST 25 2 (0) 2022-2023
9%
1164 Gorka Rivera LB 2 0 (0) 2023-2025
9%
838 Haris Seferovic ST 18 3 (1) 2022-2023
9%
764 Idrissa Doumbia DM 23 0 (0) 2020-2021
9%
992 Iker Benito RW 10 0 (0) 2021-2022, 2024-2025
9%
1217 Iker Córdoba CB 2 0 (0) 2024-2025
9%
789 Iker Losada CF 22 1 (0) 2024-2025
9%
983 Iñigo Córdoba LW 10 0 (0) 2020-2021
9%
1143 Iñigo Vicente LW 3 0 (0) 2020-2021
9%
795 Iván Fresneda RB 22 0 (0) 2022-2023
9%
570 Jason Remeseiro RW 36 0 (1) 2020-2022
9%
774 Javier Manquillo RB 22 0 (1) 2023-2025
9%
913 Javier Pastore AM 14 0 (0) 2021-2023
9%
501 Jawad El Yamiq CB 44 1 (1) 2020-2021, 2022-2023
9%
971 Jesús Owono GK 11 0 (0) 2021-2022, 2023-2025
9%
1038 Jon Karrikaburu ST 8 0 (0) 2022-2024
9%
235 Josan RW 90 7 (8) 2020-2023
9%
363 José Campaña CM 62 3 (7) 2020-2021, 2023-2025
9%
471 Juanpe CB 48 1 (0) 2022-2025
9%
655 Julen Agirrezabala GK 30 0 (0) 2021-2025
9%
711 Justin Kluivert AM 26 6 (1) 2022-2023
9%
1002 Kelechi Iheanacho ST 9 0 (0) 2024-2025
9%
857 Kenan Kodro ST 17 1 (1) 2020-2021
9%
381 Léo Baptistão ST 60 11 (2) 2022-2024
9%
989 Leo Román GK 10 0 (0) 2021-2022, 2024-2025
9%
488 Luiz Henrique RW 47 1 (6) 2022-2024
9%
1150 Marc Tenas ST 3 0 (0) 2021-2022
9%
1202 Mario Gila CB 2 0 (0) 2021-2022
9%
875 Maroan Sannadi ST 16 1 (2) 2024-2025
9%
988 Martín Cáceres CB 10 0 (0) 2021-2022
9%
1177 Matt Doherty RB 2 0 (0) 2022-2023
9%
449 Mikel Balenziaga LB 52 0 (1) 2020-2023
9%
657 Mohamed-Ali Cho RW 30 1 (2) 2022-2024
9%
480 Monchu CM 47 3 (2) 2021-2023
9%
1348 Moussa Diakité CM 1 0 (0) 2023-2024
9%
1254 Nano Mesa ST 1 0 (0) 2020-2021
9%
525 Omar El Hilali RB 41 0 (2) 2022-2023, 2024-2025
9%
484 Óscar Melendo AM 47 0 (0) 2021-2022, 2023-2024
9%
814 Oussama Idrissi LW 20 1 (1) 2020-2022
9%
1322 Pablo Sáenz RW 1 0 (0) 2023-2024
9%
1234 Paco Sanz CB 1 0 (0) 2023-2024
9%
1324 Pedro Benito ST 1 0 (0) 2021-2022
9%
325 Pedro Bigas CB 68 1 (1) 2020-2023
9%
500 Rodrigo Ely CB 44 1 (1) 2020-2021, 2022-2023
9%
425 Roque Mesa CM 54 3 (1) 2020-2021, 2022-2023
9%
687 Salva Sevilla CM 28 5 (3) 2021-2022
9%
715 Santiago Arzamendia LB 26 1 (0) 2021-2023
9%
742 Santiago Mouriño CB 25 0 (1) 2024-2025
9%
473 Sergio Akieme LB 48 3 (0) 2022-2024
9%
1273 Sergio Benito ST 1 0 (0) 2020-2021
9%
578 Sergio Postigo CB 35 0 (0) 2020-2022
9%
713 Stanko Juric DM 26 0 (0) 2024-2025
9%
217 Tete Morente LW 94 9 (8) 2020-2023
9%
639 Théo Bongonda RW 31 4 (3) 2022-2023
9%
1124 Unai Marrero GK 4 0 (0) 2023-2025
9%
304 Unai Vencedor CM 72 0 (1) 2020-2023
9%
603 Vini Souza DM 34 1 (1) 2022-2023
9%
665 Viti Rozada RB 29 0 (2) 2024-2025
9%
1017 Yoel Lago CB 9 0 (1) 2023-2025
9%
651 Yvan Neyou DM 30 1 (1) 2024-2025
9%
1021 Zouhair Feddal CB 8 0 (0) 2022-2023
9%
575 Abner LB 36 0 (1) 2022-2024
6%
934 Adam Aznou LB 13 0 (0) 2024-2025
6%
1308 Alberto Dadie RW 1 0 (0) 2023-2024
6%
1305 Aleix Garrido CM 1 0 (0) 2022-2023
6%
1307 Álvaro Aceves GK 1 0 (0) 2022-2023
6%
871 Álvaro Djaló LW 17 1 (0) 2024-2025
6%
648 Álvaro Tejero RB 30 1 (4) 2020-2021, 2024-2025
6%
997 Anthony Martial ST 9 0 (1) 2021-2022
6%
428 Augusto Solari RM 54 2 (3) 2020-2023
6%
769 Bertuğ Yıldırım ST 23 1 (0) 2024-2025
6%
1262 Borna Barisic LB 1 0 (0) 2024-2025
6%
680 Boubakary Soumaré DM 28 0 (1) 2023-2024
6%
542 Carlos Akapo RB 38 1 (0) 2020-2022
6%
483 Carlos Protesoni DM 47 4 (2) 2023-2025
6%
727 César de la Hoz DM 25 1 (0) 2022-2023
6%
1225 Chema Andrés CM 2 0 (0) 2024-2025
6%
721 Clément Grenier CM 26 1 (0) 2021-2023
6%
566 Cote LB 37 1 (1) 2020-2022
6%
1264 Cristian Rivero GK 1 0 (0) 2023-2024
6%
1345 Daniel Yáñez RW 1 0 (0) 2024-2025
6%
886 Darío Poveda ST 16 1 (0) 2020-2022
6%
563 David Ferreiro LW 37 2 (4) 2020-2021
6%
763 Diego Conde GK 23 0 (1) 2021-2022, 2024-2025
6%
1331 Estanis Pedrola LW 1 0 (0) 2021-2022
6%
1141 Ferro CB 3 0 (0) 2020-2021
6%
231 Fidel LW 90 14 (11) 2020-2023
6%
783 Florentino DM 22 0 (1) 2021-2022
6%
784 Franco Russo CB 22 1 (0) 2021-2023
6%
1022 García Pascual ST 8 1 (0) 2024-2025
6%
969 Germán Valera RW 11 0 (0) 2021-2022, 2024-2025
6%
409 Gonzalo Escalante CM 56 10 (4) 2021-2024
6%
1203 Haissem Hassan RW 2 0 (0) 2022-2023
6%
1096 Hugo Novoa RB 5 0 (0) 2024-2025
6%
506 Hugo Sotelo CM 44 0 (1) 2020-2025
6%
1006 Ibrahima Koné ST 9 0 (0) 2023-2024
6%
1171 Iker Almena RW 2 0 (1) 2024-2025
6%
1248 Iván Cuéllar GK 1 0 (0) 2023-2024
6%
436 Iván Marcone DM 53 0 (0) 2020-2022
6%
700 Jailson DM 27 0 (1) 2023-2025
6%
495 Jaime Seoane CM 45 1 (1) 2020-2021, 2022-2023
6%
759 Javi Ontiveros LW 23 2 (1) 2020-2022
6%
1293 Javi Rueda RB 1 0 (0) 2023-2024
6%
817 John Guidetti ST 20 1 (1) 2020-2022
6%
1260 Jokin Ezkieta GK 1 0 (0) 2020-2021
6%
755 Jon Ander Garrido DM 23 0 (0) 2020-2021
6%
539 Jon Ander Olasagasti CM 39 1 (2) 2022-2025
6%
417 Jorge Miramón RB 55 1 (4) 2020-2022
6%
1154 Jorge Pascual ST 3 1 (0) 2022-2024
6%
831 José Gragera CM 19 1 (0) 2022-2023, 2024-2025
6%
581 Josema CB 35 0 (1) 2020-2022
6%
829 Juan Berrocal CB 19 0 (0) 2024-2025
6%
497 Juan Cala CB 45 3 (1) 2020-2023
6%
1113 Kasper Dolberg ST 4 0 (1) 2022-2023
6%
690 Lucas Pires LB 28 1 (0) 2023-2024
6%
1091 Luisinho LB 5 0 (0) 2020-2021
6%
623 Mamadou Loum DM 32 2 (0) 2021-2022
6%
407 Mamadou Sylla ST 56 5 (1) 2021-2022, 2023-2025
6%
576 Mario Gaspar CB 36 0 (3) 2020-2022
6%
932 Marko Milovanović ST 13 1 (0) 2022-2024
6%
462 Martín Aguirregabiria RB 50 0 (2) 2020-2022
6%
663 Martin Hongla DM 29 0 (0) 2022-2024
6%
858 Martín Merquelanz LW 17 0 (1) 2020-2022
6%
788 Matías Arezo ST 22 0 (0) 2021-2022, 2023-2024
6%
1117 Max Aarons RB 4 0 (0) 2024-2025
6%
464 Maxime Gonalons DM 50 0 (3) 2020-2022
6%
792 Míchel Herrero CM 22 2 (0) 2020-2021
6%
342 Mickaël Malsa DM 66 2 (2) 2020-2023
6%
968 Milutin Osmajic ST 11 0 (0) 2021-2022, 2023-2024
6%
887 Modibo Sagnan CB 16 0 (0) 2020-2021
6%
840 Momo Mbaye CB 18 0 (0) 2022-2024
6%
528 Nemanja Radoja DM 40 0 (2) 2020-2022
6%
957 Nemanja Radonjić LW 11 0 (0) 2023-2024
6%
879 Nikola Maras CB 16 0 (0) 2021-2022
6%
725 Nuke Mfulu DM 25 0 (0) 2020-2021, 2023-2024
6%
634 Okay Yokuşlu DM 31 0 (0) 2020-2022
6%
841 Pejiño RW 18 2 (0) 2023-2025
6%
467 Pere Pons CM 49 3 (0) 2020-2022
6%
942 Pol Lirola RB 12 1 (0) 2022-2023
6%
854 Recio CM 17 1 (0) 2020-2021
6%
843 Reinier AM 18 2 (1) 2022-2023
6%
982 Rubén Yáñez GK 10 0 (0) 2020-2021
6%
453 Selim Amallah AM 51 5 (4) 2022-2025
6%
706 Sergi Enrich ST 27 3 (0) 2020-2021
6%
739 Shinji Okazaki ST 25 1 (1) 2020-2021
6%
894 Sokratis Papastathopoulos CB 15 0 (0) 2023-2024
6%
862 Sory Kaba ST 17 1 (1) 2023-2024
6%
580 Srdjan Babic CB 35 3 (0) 2022-2024
6%
929 Tamás Nikitscher CM 13 0 (0) 2024-2025
6%
896 Tino Kadewere ST 15 1 (0) 2022-2023
6%
735 Urko González de Zárate DM 25 0 (2) 2020-2021, 2023-2025
6%
1119 Víctor Mollejo RW 4 0 (0) 2020-2021
6%
836 Willy Kambwala CB 19 0 (0) 2024-2025
6%
669 Yarek Gasiorowski CB 29 0 (0) 2023-2025
6%
567 Yellu Santiago CM 37 1 (0) 2021-2022, 2023-2025
6%
708 Yoshinori Muto ST 26 1 (2) 2020-2021
6%
1140 Youssouf Koné LB 3 0 (0) 2020-2021
6%
1076 Adrián Arnu ST 5 0 (0) 2024-2025
3%
1015 Adrián Pica CB 9 0 (0) 2024-2025
3%
627 Alberto Soro RW 32 1 (2) 2020-2021, 2023-2024
3%
845 Alejandro Francés RB 18 0 (0) 2024-2025
3%
1003 Aleksandar Radovanovic CB 9 0 (0) 2023-2024
3%
1255 Alexandru Țîrlea RB 1 0 (0) 2021-2022
3%
667 Álex Cantero LW 29 0 (1) 2020-2022
3%
865 Álex Petxarroman RB 17 0 (0) 2021-2022
3%
491 Ángel Montoro CM 46 2 (2) 2020-2022
3%
1104 Ángel Ortiz RB 5 0 (1) 2024-2025
3%
1185 Ante Palaversa DM 2 0 (0) 2020-2021
3%
1018 Arkaitz Mariezkurrena LW 9 2 (0) 2024-2025
3%
612 Arnau Puigmal CM 33 1 (0) 2022-2024
3%
1229 Asier Osambela AM 1 0 (0) 2023-2024
3%
1179 Axel Werner GK 2 0 (0) 2022-2023
3%
1041 Cheick Doukouré DM 7 0 (0) 2020-2021
3%
1036 Chiquinho LW 8 0 (0) 2024-2025
3%
771 Coke RB 23 1 (0) 2020-2022
3%
939 Daley Sinkgraven LB 12 0 (0) 2023-2025
3%
1268 Daniel Fuzato GK 1 0 (0) 2023-2024
3%
1219 Daniel Luna AM 2 0 (0) 2024-2025
3%
1309 Darío Benavides RB 1 0 (0) 2024-2025
3%
918 Darío Benedetto ST 14 2 (1) 2021-2022
3%
1226 David Otorbi RW 1 0 (0) 2024-2025
3%
956 Denis Vavro CB 11 0 (0) 2020-2021
3%
1114 Diadié Samassékou DM 4 0 (0) 2023-2024
3%
839 Domingos Quina CM 18 2 (0) 2020-2021, 2022-2023
3%
811 Dyego Sousa ST 20 0 (1) 2022-2023
3%
1329 Eneko Ortiz LB 1 0 (0) 2023-2024
3%
909 Esteban Burgos CB 14 3 (1) 2020-2021
3%
777 Esteban Saveljich CB 22 0 (0) 2021-2023
3%
709 Fabrizio Angileri LB 26 0 (0) 2022-2024
3%
812 Fede Vico AM 20 0 (0) 2020-2021
3%
1078 Florin Andone ST 5 0 (0) 2021-2022
3%
1012 Gabriel Misehouy AM 9 1 (0) 2024-2025
3%
322 Gonzalo Verdú CB 68 1 (2) 2020-2023
3%
1303 Gori Gracia CM 1 0 (0) 2021-2022
3%
1071 Hannibal AM 6 0 (0) 2023-2024
3%
1010 Imanol García de Albéniz LB 9 0 (0) 2023-2024
3%
741 Iñigo Eguaras DM 25 1 (1) 2022-2023
3%
1059 Ismael Bekhoucha RB 6 0 (0) 2024-2025
3%
999 Ivan Saponjic ST 9 1 (0) 2020-2021
3%
1155 Javi Martón ST 3 0 (0) 2024-2025
3%
1094 Javi Serrano CM 5 0 (0) 2021-2022
3%
402 Jens Jönsson DM 57 0 (1) 2020-2022
3%
1020 Joaquín Panichelli ST 8 0 (0) 2023-2024
3%
782 Jon Bautista ST 22 0 (1) 2020-2022
3%
1009 Jon Magunazelaia AM 9 0 (0) 2022-2025
3%
1088 Jordan Holsgrove DM 5 0 (0) 2020-2021
3%
815 Jorge Meré CB 20 0 (0) 2022-2024
3%
961 José Carlos Lazo LW 11 1 (1) 2022-2023
3%
752 Juanma Herzog CB 23 2 (0) 2023-2025
3%
910 Julián Chicco DM 14 0 (1) 2024-2025
3%
935 Juma Bah CB 12 0 (0) 2024-2025
3%
1102 Justin Smith CM 5 0 (0) 2024-2025
3%
809 Kaiky CB 21 1 (0) 2022-2024
3%
965 Kamil Jóźwiak LW 11 0 (1) 2023-2024
3%
859 Landry Dimata ST 17 0 (0) 2021-2022
3%
460 Loren Morón ST 50 2 (0) 2020-2023
3%
1187 Manu Nieto ST 2 0 (0) 2020-2021
3%
1116 Marcelo Saracchi LB 4 0 (1) 2021-2022
3%
696 Marcos Mauro CB 27 2 (0) 2020-2022
3%
1058 Mateo Flores CM 6 0 (0) 2024-2025
3%
885 Mateu Morey RB 16 0 (0) 2024-2025
3%
1097 Matthew Hoppe ST 5 0 (1) 2021-2022
3%
1301 Max Svensson ST 1 0 (0) 2023-2024
3%
765 Miguel Baeza AM 23 1 (0) 2020-2022
3%
1133 Min-su Kim LW 3 0 (0) 2024-2025
3%
1346 Moises Parra LW 1 0 (0) 2022-2023
3%
846 Nico Serrano LW 18 1 (0) 2021-2022, 2024-2025
3%
820 Nikola Vukcevic DM 19 0 (0) 2020-2022
3%
1216 Oier Olazábal GK 2 0 (0) 2021-2022
3%
1046 Orbelín Pineda CM 7 0 (0) 2021-2022
3%
1252 Oriol Rey DM 1 0 (0) 2020-2021
3%
1159 Óscar Ureña LW 3 0 (0) 2022-2023
3%
693 Pablo Hervías RW 27 0 (6) 2020-2021
3%
813 Pablo Insua CB 20 0 (0) 2020-2021
3%
876 Pau Cabanes ST 16 1 (1) 2024-2025
3%
624 Paul Akouokou DM 32 0 (0) 2020-2024
3%
925 Pedro Alcalá CB 13 0 (0) 2020-2021
3%
1199 Pedro Ortiz CM 2 0 (0) 2021-2023
3%
1147 Peru Nolaskoain DM 3 0 (0) 2021-2022, 2023-2024
3%
1328 Rachad Fettal ST 1 0 (0) 2023-2024
3%
1174 Ramon Azeez CM 2 0 (0) 2020-2021
3%
1039 Raúl Parra RB 8 0 (0) 2021-2023
3%
489 Róber Pier CB 46 1 (1) 2020-2022
3%
534 Rubén Rochina RW 40 1 (4) 2020-2022
3%
821 Saidy Janko RB 19 0 (1) 2020-2021
3%
1023 Samu Saiz AM 8 2 (0) 2022-2023
3%
1031 Siebe Van der Heyden CB 8 0 (0) 2023-2025
3%
941 Soufiane Chakla CB 12 0 (0) 2020-2021
3%
916 Stanis Idumbo AM 14 1 (1) 2024-2025
3%
917 Stefan Bajcetic DM 14 1 (0) 2024-2025
3%
880 Stoichkov CF 16 0 (1) 2024-2025
3%
974 Tadeo Allende RW 11 1 (0) 2023-2025
3%
637 Thiago Galhardo ST 31 2 (2) 2021-2022
3%
786 Tomás Conechny LW 22 1 (0) 2024-2025
3%
676 Toni Moya CM 28 0 (1) 2021-2022
3%
856 Tonny Vilhena CM 17 1 (1) 2021-2022
3%
1111 Wilson Manafá RB 4 0 (0) 2023-2024
3%
990 Xeber Alkain RW 10 0 (0) 2023-2024
3%
1201 Abdallahi Mahmoud AM 2 0 (0) 2020-2021
0%
1326 Abde Raihani ST 1 0 (0) 2023-2024
0%
1239 Aboubacar Bassinga CM 1 0 (0) 2024-2025
0%
1277 Adrián Butzke ST 1 0 (0) 2021-2022
0%
1069 Aiham Ousou CB 6 0 (0) 2023-2024
0%
1170 Aingeru Olabarrieta RW 2 0 (0) 2023-2025
0%
1213 Alberto Cifuentes GK 2 0 (0) 2020-2021
0%
478 Alberto Perea LW 48 2 (4) 2020-2024
0%
994 Alberto Risco AM 9 0 (0) 2023-2025
0%
1317 Alejandro Alfaro CM 1 0 (0) 2022-2023
0%
1060 Alexander Callens CB 6 0 (0) 2022-2023
0%
1278 Álex Blesa CM 1 0 (0) 2020-2021
0%
1265 Álex Millán ST 1 0 (0) 2020-2021
0%
1341 Álex Primo GK 1 0 (0) 2021-2022
0%
1285 Álex Revuelta CB 1 0 (0) 2022-2023
0%
1053 Álvaro Bastida CM 7 0 (0) 2020-2022
0%
1109 Álvaro Lemos RB 4 0 (0) 2023-2024
0%
1137 Álvaro Vadillo LW 3 0 (0) 2021-2022
0%
1118 Andy Pelmard CB 4 0 (0) 2024-2025
0%
1333 Antal Yaakobishvili CB 1 0 (0) 2023-2024
0%
511 Antonio Barragán RB 43 0 (4) 2020-2022
0%
945 Antonio Candela RB 12 0 (0) 2024-2025
0%
1290 Arnau Rafús GK 1 0 (0) 2024-2025
0%
1083 Awer Mabil LW 5 0 (0) 2022-2023
0%
1142 Bobby Adekanye RW 3 0 (0) 2020-2021
0%
806 Borja Sainz LW 21 1 (0) 2020-2021
0%
1087 Braian Cufré LB 5 0 (0) 2022-2023
0%
1246 Burgui LW 1 0 (0) 2020-2021
0%
1168 Carlos Guirao DM 2 0 (0) 2024-2025
0%
1061 Damian Kadzior AM 6 0 (0) 2020-2021
0%
760 Dani Calvo CB 23 2 (0) 2020-2021
0%
766 Dani Escriche ST 23 1 (1) 2020-2021
0%
1279 Dani Plomer LW 1 0 (0) 2020-2021
0%
1342 Dani Requena CM 1 0 (0) 2024-2025
0%
1283 Dani Villahermosa CM 1 0 (0) 2021-2022
0%
1316 David Argüelles LB 1 0 (0) 2024-2025
0%
554 David Timor DM 37 0 (0) 2020-2022
0%
1029 Dennis Hadzikadunic CB 8 0 (0) 2022-2023
0%
1157 Diego Hormigo LB 3 0 (0) 2022-2025
0%
1195 Diego Mariño GK 2 0 (0) 2022-2024
0%
1266 Edgar Sevikyan RW 1 0 (0) 2020-2021
0%
1055 Eliaquim Mangala CB 7 0 (0) 2020-2021
0%
758 Emiliano Rigoni RW 23 1 (1) 2020-2021
0%
1299 Eñaut Mendia ST 1 0 (0) 2020-2021
0%
1236 Endika Buján RW 1 0 (0) 2024-2025
0%
1186 Eric Curbelo CB 2 0 (0) 2023-2024
0%
1074 Etta Eyong ST 5 1 (0) 2023-2025
0%
1138 Eugeni CM 3 0 (0) 2020-2021
0%
933 Facundo Ferreyra ST 13 1 (0) 2020-2021
0%
1065 Faitout Maouassa LB 6 0 (1) 2023-2024
0%
1026 Famara Diédhiou ST 8 0 (1) 2023-2024
0%
1205 Federico Gattoni CB 2 0 (0) 2023-2024
0%
1344 Félix Garreta CB 1 0 (0) 2022-2023
0%
1269 Fernando Medrano LB 1 0 (0) 2022-2023
0%
672 Filip Malbasic RW 28 0 (2) 2020-2021
0%
1286 Francisco Mwepu ST 1 0 (0) 2022-2023
0%
1310 Fran Delgado RB 1 0 (0) 2022-2023
0%
985 Fran Mérida CM 10 0 (0) 2021-2022
0%
1145 Giorgi Kochorashvili DM 3 0 (0) 2020-2021
0%
1233 Iago Parente CB 1 0 (0) 2024-2025
0%
1215 Ibrahima Kébé DM 2 0 (0) 2023-2024
0%
1136 Ibrahim Alani CM 3 0 (0) 2024-2025
0%
1235 Iñigo Arguibide RB 1 0 (0) 2023-2024
0%
1067 Iván Barbero ST 6 0 (0) 2021-2022
0%
1005 Iván Chapela RW 9 0 (0) 2021-2022
0%
991 Iván Jaime AM 10 0 (0) 2024-2025
0%
650 Jairo Izquierdo LB 30 1 (0) 2020-2021
0%
1257 Jaume Grau CM 1 0 (0) 2021-2022
0%
1211 Javi Moyano RB 2 0 (0) 2020-2021
0%
1184 Jeison Lucumí RW 2 0 (0) 2020-2021
0%
1047 Joan Sastre RB 7 0 (0) 2021-2022
0%
844 John Donald CB 18 0 (0) 2020-2023
0%
993 John Patrick CM 10 0 (0) 2020-2021, 2024-2025
0%
1037 Jonás Ramalho CB 8 0 (0) 2020-2022
0%
728 Jonathan Calleri ST 25 5 (2) 2020-2021
0%
485 Jon Morcillo LW 47 2 (3) 2020-2023
0%
776 Jony LW 22 0 (2) 2020-2021
0%
1320 Jony Álamo CM 1 0 (0) 2020-2021
0%
1082 Jordan Amavi LB 5 0 (0) 2022-2023
0%
966 Jordi Mboula RW 11 0 (0) 2021-2022
0%
943 Jorge Pombo AM 12 1 (0) 2020-2021
0%
1284 José Calderón LB 1 0 (0) 2021-2022
0%
767 José Fontán CB 23 0 (0) 2020-2022
0%
1050 José Juan Macías ST 7 0 (0) 2021-2022
0%
860 Jota LW 17 1 (0) 2020-2021
0%
757 Jota Peleteiro RW 23 0 (2) 2020-2021
0%
1207 Juan Brunet CM 2 0 (0) 2020-2021
0%
892 Juan Carlos Real AM 15 0 (1) 2020-2021
0%
1080 Juanjo Narváez ST 5 0 (0) 2022-2023
0%
996 Juan Sánchez Miño LB 9 0 (0) 2020-2021
0%
928 Julen Lobete LW 13 2 (0) 2021-2022
0%
1004 Kamil Piatkowski CB 9 0 (0) 2023-2024
0%
1085 Kelechi Nwakali CM 5 0 (0) 2020-2021
0%
1089 Kiko Olivas CB 5 0 (0) 2020-2021
0%
1258 Kingsley Fobi RB 1 0 (0) 2020-2021
0%
947 Koba Koindredi CM 12 0 (0) 2020-2022
0%
1127 Koffi LB 4 0 (1) 2020-2022
0%
1253 Koke Vegas GK 1 0 (0) 2020-2021
0%
1181 Kuki Zalazar AM 2 0 (1) 2020-2021
0%
1221 Leandro Antonetti ST 2 0 (0) 2024-2025
0%
915 Lisandro Magallán CB 14 0 (0) 2022-2023
0%
1302 Lluís Recasens CB 1 0 (0) 2021-2022
0%
1030 Luis Abram CB 8 0 (0) 2021-2022
0%
1347 Luken Beitia CB 1 0 (0) 2024-2025
0%
1330 Mamadou Mbacke CB 1 0 (0) 2022-2023
0%
1313 Mamor Niang ST 1 0 (0) 2020-2021
0%
686 Manu Fuster LW 28 2 (1) 2024-2025
0%
1261 Marc Baró LB 1 0 (0) 2020-2021
0%
1057 Marciano Sanca ST 6 0 (0) 2023-2024
0%
1210 Mario Maroto CM 2 0 (1) 2024-2025
0%
1063 Martín Calderón CM 6 0 (0) 2021-2022
0%
1128 Martín Tejón AM 4 0 (0) 2024-2025
0%
1297 Mateo Mejía ST 1 0 (0) 2024-2025
0%
958 Matt Miazga CB 11 0 (0) 2021-2022
0%
1259 Maximiliano Caufriez CB 1 0 (0) 2024-2025
0%
1312 Miguel Ángel Brau LB 1 0 (0) 2023-2024
0%
946 Miguel Atienza CM 12 0 (0) 2020-2021
0%
953 Miguel Cifuentes CM 11 0 (0) 2020-2021
0%
898 Miguel Crespo CM 15 0 (0) 2023-2024
0%
1188 Miguel Llambrich RB 2 0 (0) 2021-2022
0%
1304 Miki Bosch CB 1 0 (0) 2023-2024
0%
1016 Nabil Aberdin CB 9 0 (0) 2023-2025
0%
1270 Nabil Touaizi ST 1 0 (0) 2022-2023
0%
1191 Naci Ünüvar LW 2 0 (0) 2024-2025
0%
1051 Naïs Djouahra LW 7 0 (0) 2021-2022
0%
848 Nicolás Fernández Mercau AM 18 0 (1) 2022-2023
0%
1280 Nikita Iosifov LW 1 0 (0) 2021-2022
0%
405 Oier Sanjurjo DM 57 1 (2) 2020-2022
0%
370 Oier Zarraga CM 62 1 (0) 2020-2023
0%
1294 Omar Faraj ST 1 0 (0) 2021-2022
0%
1169 Pablo Busto RB 2 0 (0) 2023-2024
0%
1092 Pablo Gozálbez AM 5 0 (0) 2023-2024
0%
832 Pablo Piatti AM 19 0 (0) 2020-2022
0%
1182 Pape Cheikh CM 2 0 (0) 2022-2023
0%
451 Quini RB 51 1 (1) 2020-2022
0%
1077 Rafel Bauzà CM 5 0 (0) 2024-2025
0%
1251 Ramón Folch CM 1 0 (0) 2020-2021
0%
1024 Raúl Carnero LB 8 1 (0) 2020-2021
0%
1218 Raúl Chasco LB 2 0 (0) 2024-2025
0%
586 Raúl Torrente CB 35 0 (1) 2021-2022, 2023-2024
0%
1054 Ricard Artero AM 7 0 (0) 2022-2023
0%
1151 Ricardo Visus CB 3 0 (0) 2023-2024
0%
1343 Ro Abajas LB 1 0 (0) 2024-2025
0%
1336 Roberto Arroyo ST 1 0 (0) 2022-2023
0%
1238 Roger Hinojo LB 1 0 (0) 2024-2025
0%
881 Rominigue Kouamé CM 16 0 (0) 2023-2024
0%
1032 Ronaël Pierre-Gabriel RB 8 1 (0) 2022-2023
0%
1095 Rubén Iranzo CB 5 0 (0) 2021-2022, 2023-2024
0%
1232 Rubén Quintanilla CM 1 0 (0) 2022-2023
0%
1153 Sabit Abdulai DM, CM 3 0 (0) 2020-2021
0%
1338 Salim El Jebari LW 1 0 (0) 2023-2024
0%
1256 Sekou Gassama ST 1 0 (0) 2022-2023
0%
1075 Selvi Clua DM 5 0 (0) 2023-2025
0%
1192 Sergio Barcia CB 2 0 (0) 2020-2022
0%
1298 Sergio Cubero RB 1 0 (0) 2020-2021
0%
1132 Sergio Rodelas LW 3 0 (1) 2023-2024
0%
960 Sidnei CB 11 0 (0) 2020-2021
0%
1056 Simo Keddari CB 7 0 (0) 2022-2023
0%
1321 Stefan Leković CB 1 0 (0) 2023-2024
0%
1315 Stephane Keller CB 1 0 (0) 2020-2021
0%
861 Tachi CB 17 0 (0) 2020-2022
0%
1008 Theo Corbeanu RW 9 1 (0) 2023-2024
0%
1228 Thiago Ojeda CM 1 0 (0) 2024-2025
0%
1149 Tomás Tavares RB 3 0 (0) 2020-2021
0%
1334 Tunde Akinsola LW 1 0 (0) 2022-2023
0%
1126 Unai Arieta ST 4 0 (0) 2020-2021
0%
1214 Unai Dufur CB 2 0 (0) 2020-2022
0%
1212 Unai Ropero RW 2 0 (0) 2021-2022, 2023-2024
0%
1052 Valentín Barco CM 7 0 (0) 2024-2025
0%
1274 Valentino Fattore RB 1 0 (0) 2021-2022
0%
1241 Valentín Pezzolesi RB 1 0 (0) 2024-2025
0%
855 Varazdat Haroyan CB 17 1 (0) 2021-2022
0%
1220 Vere LW 2 0 (0) 2021-2022
0%
1122 Vicente Esquerdo AM 4 0 (0) 2020-2021
0%
1042 Víctor Camarasa CM 7 0 (0) 2021-2022
0%
914 Víctor Meseguer CM 14 0 (0) 2024-2025
0%
1194 Victor Parada LB 2 0 (0) 2023-2024
0%
1173 Vladyslav Krapyvtsov GK 2 0 (0) 2024-2025
0%
973 Xabi Etxeita CB 11 0 (0) 2020-2021
0%
1287 Xabi Huarte AM 1 0 (0) 2023-2024
0%
1339 Yacine Qasmi ST 1 0 (0) 2021-2022
0%
556 Yan Eteki DM 37 0 (0) 2020-2022
0%
1001 Yann Bodiger DM 9 0 (0) 2020-2021
0%
1237 Yassin Tallal LW 1 0 (0) 2023-2024
0%
No matching quizzes found
Score Distribution
Percent of People with Each Score
Percentile by Number Answered
Your Score History
You have not taken this quiz